[Event "Deutsche Ländermeisterschaft 2017"]
[Site "Hannover GER"]
[Date "2017.10.01"]
[Round "3"]
[White "Yi, Danny"]
[Black "Schlick, Stefan"]
[Result "1/2-1/2"]
[Termination "normal"]
[Board "6.4"]
[WhiteElo "2070"]
[BlackElo "1973"]
[WhiteClock "00:34:29"]
[BlackClock "00:19:46"]
[WhiteTeam "Württemberg"]
[BlackTeam "Thüringen"]
[PlyCount "69"]
[WhiteFideId "12988588"]
[BlackFideId "16211332"]
[EventCountry "GER"]
[EventRounds "7"]
[EventType "team-swiss"]
[EventDate "2017.09.29"]

1. e4 {[%clk 1:30:58]} e5 {[%clk 1:30:52]} 2. Nf3 {[%clk 1:31:23]} Nc6 {[%clk
1:31:15]} 3. Bc4 {[%clk 1:31:47]} Bc5 {[%clk 1:31:40]} 4. O-O {[%clk 1:31:49]}
Nf6 {[%clk 1:32:04]} 5. d3 {[%clk 1:32:13]} O-O {[%clk 1:32:18]} 6. c3 {[%clk
1:32:30]} d5 {[%clk 1:32:26]} 7. exd5 {[%clk 1:31:57]} Nxd5 {[%clk 1:32:49]} 8.
Re1 {[%clk 1:31:24]} Bg4 {[%clk 1:32:58]} 9. h3 {[%clk 1:30:16]} Bh5 {[%clk
1:33:17]} 10. Nbd2 {[%clk 1:30:13]} Re8 {[%clk 1:27:56]} 11. Ne4 {[%clk
1:27:42]} Bf8 {[%clk 1:25:41]} 12. Bg5 {[%clk 1:22:42]} Be7 {[%clk 1:19:05]}
13. Bxe7 {[%clk 1:21:07]} Rxe7 {[%clk 1:19:05]} 14. Ng3 {[%clk 1:20:11]} Bg6
{[%clk 1:16:58]} 15. Nh4 {[%clk 1:19:39]} Nf4 {[%clk 1:08:11]} 16. Nxg6 {[%clk
1:17:38]} hxg6 {[%clk 1:07:10]} 17. Qf3 {[%clk 1:17:23]} Na5 {[%clk 1:06:15]}
18. Rad1 {[%clk 1:15:41]} Qe8 {[%clk 1:04:25]} 19. Bb3 {[%clk 1:11:57]} Nxb3
{[%clk 1:04:28]} 20. axb3 {[%clk 1:12:26]} c6 {[%clk 1:03:29]} 21. d4 {[%clk
1:12:35]} Nd5 {[%clk 0:58:06]} 22. c4 {[%clk 1:07:50]} exd4 {[%clk 0:47:25]}
23. Rxe7 {[%clk 1:04:45]} Nxe7 {[%clk 0:47:50]} 24. Rxd4 {[%clk 1:04:51]} Rd8
{[%clk 0:42:03]} 25. Qd3 {[%clk 1:01:48]} Rxd4 {[%clk 0:42:00]} 26. Qxd4 {[%clk
1:02:11]} a6 {[%clk 0:37:45]} 27. Ne4 {[%clk 0:59:33]} Nf5 {[%clk 0:37:53]} 28.
Qd3 {[%clk 0:59:53]} b6 {[%clk 0:27:21]} 29. b4 {[%clk 0:56:41]} Qc8 {[%clk
0:25:33]} 30. c5 {[%clk 0:52:13]} b5 {[%clk 0:25:05]} 31. g3 {[%clk 0:40:15]}
Ne7 {[%clk 0:23:12]} 32. Nc3 {[%clk 0:36:47]} Kh7 {[%clk 0:21:56]} 33. Kg2
{[%clk 0:35:58]} Nf5 {[%clk 0:19:58]} 34. Ne4 {[%clk 0:34:29]} Ne7 {[%clk
0:19:46]} 35. Qd4 1/2-1/2

[Event "Deutsche Ländermeisterschaft 2017"]
[Site "Hannover GER"]
[Date "2017.10.01"]
[Round "3"]
[White "Ratay, Meike"]
[Black "Leser, Katrin"]
[Result "0-1"]
[Termination "normal"]
[Board "6.5"]
[WhiteElo "1812"]
[BlackElo "1893"]
[WhiteClock "00:00:33"]
[BlackClock "00:02:06"]
[WhiteTeam "Thüringen"]
[BlackTeam "Württemberg"]
[PlyCount "140"]
[WhiteFideId "12977608"]
[BlackFideId "12997692"]
[EventCountry "GER"]
[EventRounds "7"]
[EventType "team-swiss"]
[EventDate "2017.09.29"]

1. e4 {[%clk 1:30:58]} e6 {[%clk 1:30:36]} 2. d4 {[%clk 1:31:20]} d5 {[%clk
1:31:02]} 3. e5 {[%clk 1:31:44]} c5 {[%clk 1:31:25]} 4. c3 {[%clk 1:32:09]} Nc6
{[%clk 1:31:40]} 5. Nf3 {[%clk 1:32:33]} Nge7 {[%clk 1:30:58]} 6. Bd3 {[%clk
1:27:39]} Nf5 {[%clk 1:30:16]} 7. Bxf5 {[%clk 1:23:50]} exf5 {[%clk 1:30:34]}
8. O-O {[%clk 1:23:03]} cxd4 {[%clk 1:23:58]} 9. cxd4 {[%clk 1:18:33]} Be7
{[%clk 1:23:29]} 10. Nc3 {[%clk 1:15:34]} Be6 {[%clk 1:23:23]} 11. Be3 {[%clk
1:06:35]} O-O {[%clk 1:22:38]} 12. Qd2 {[%clk 1:03:20]} h6 {[%clk 1:21:18]} 13.
Rac1 {[%clk 0:59:51]} g5 {[%clk 1:16:12]} 14. g3 {[%clk 0:56:19]} Qd7 {[%clk
1:06:38]} 15. Ne1 {[%clk 0:41:46]} Kh8 {[%clk 0:52:13]} 16. f4 {[%clk 0:35:52]}
g4 {[%clk 0:39:41]} 17. Nd3 {[%clk 0:34:52]} h5 {[%clk 0:35:25]} 18. Rfd1
{[%clk 0:30:15]} Rfd8 {[%clk 0:29:17]} 19. b3 {[%clk 0:26:31]} Ba3 {[%clk
0:24:11]} 20. Rc2 {[%clk 0:25:55]} Nb4 {[%clk 0:22:33]} 21. Nxb4 {[%clk
0:24:55]} Bxb4 {[%clk 0:22:57]} 22. Qd3 {[%clk 0:22:46]} Rdc8 {[%clk 0:22:29]}
23. Bc1 {[%clk 0:19:06]} Bxc3 {[%clk 0:18:04]} 24. Rxc3 {[%clk 0:19:28]} Rxc3
{[%clk 0:17:58]} 25. Qxc3 {[%clk 0:19:56]} Rc8 {[%clk 0:15:44]} 26. Qb2 {[%clk
0:17:39]} Qc6 {[%clk 0:14:57]} 27. Bd2 {[%clk 0:17:03]} Qc2 {[%clk 0:14:36]}
28. Qxc2 {[%clk 0:16:08]} Rxc2 {[%clk 0:15:00]} 29. a4 {[%clk 0:16:23]} Rb2
{[%clk 0:14:21]} 30. b4 {[%clk 0:15:12]} Bd7 {[%clk 0:13:16]} 31. a5 {[%clk
0:12:30]} Ba4 {[%clk 0:08:23]} 32. Bc3 {[%clk 0:12:36]} Rc2 {[%clk 0:07:41]}
33. Be1 {[%clk 0:09:58]} Bb5 {[%clk 0:03:40]} 34. Rd2 {[%clk 0:07:56]} Rc4
{[%clk 0:03:56]} 35. Rd1 {[%clk 0:07:16]} Ba4 {[%clk 0:03:57]} 36. Ra1 {[%clk
0:05:11]} Bb5 {[%clk 0:02:46]} 37. Rd1 {[%clk 0:05:31]} Kg7 {[%clk 0:02:31]}
38. Kf2 {[%clk 0:04:53]} Ba4 {[%clk 0:02:16]} 39. Rd3 {[%clk 0:02:54]} Bb5
{[%clk 0:01:21]} 40. Rd1 {[%clk 0:02:26]} Rc2+ {[%clk 0:01:11]} 41. Bd2 {[%clk
0:30:08]} Bc4 {[%clk 0:24:33]} 42. Ke3 {[%clk 0:28:58]} Kf8 {[%clk 0:23:46]}
43. Rh1 {[%clk 0:20:20]} Rb2 {[%clk 0:17:51]} 44. Rc1 {[%clk 0:19:25]} Ke7
{[%clk 0:16:53]} 45. h3 {[%clk 0:11:21]} a6 {[%clk 0:06:55]} 46. hxg4 {[%clk
0:09:21]} hxg4 47. Re1 {[%clk 0:04:42]} Rb3+ {[%clk 0:05:48]} 48. Kf2 {[%clk
0:05:07]} Rf3+ {[%clk 0:05:47]} 49. Kg2 {[%clk 0:05:24]} Rd3 {[%clk 0:06:06]}
50. Be3 {[%clk 0:05:02]} Rb3 {[%clk 0:06:13]} 51. Bc1 {[%clk 0:05:21]} Kd7
{[%clk 0:04:52]} 52. Be3 {[%clk 0:01:22]} Rb2+ {[%clk 0:04:23]} 53. Bf2 {[%clk
0:01:16]} Rxb4 {[%clk 0:04:30]} 54. Ra1 {[%clk 0:01:17]} Bd3 {[%clk 0:03:36]}
55. Ra3 {[%clk 0:00:46]} Be4+ {[%clk 0:03:08]} 56. Kf1 {[%clk 0:01:08]} Rb1+
{[%clk 0:02:57]} 57. Be1 {[%clk 0:01:19]} Rc1 {[%clk 0:02:32]} 58. Rb3 {[%clk
0:01:23]} Kc7 {[%clk 0:01:23]} 59. Rc3+ {[%clk 0:01:00]} Rxc3 {[%clk 0:01:35]}
60. Bxc3 {[%clk 0:01:29]} Kc6 {[%clk 0:01:52]} 61. Ke2 {[%clk 0:01:10]} b6
{[%clk 0:01:41]} 62. Kd2 {[%clk 0:00:48]} bxa5 {[%clk 0:01:59]} 63. Bxa5 {[%clk
0:01:14]} Kb5 {[%clk 0:02:22]} 64. Bc3 {[%clk 0:01:06]} a5 {[%clk 0:02:06]} 65.
Ba1 {[%clk 0:00:44]} Kc4 {[%clk 0:02:09]} 66. Bb2 {[%clk 0:00:38]} a4 {[%clk
0:01:59]} 67. Ba1 {[%clk 0:00:37]} a3 {[%clk 0:01:26]} 68. Bc3 {[%clk 0:00:36]}
Kb3 {[%clk 0:01:45]} 69. Ba5 {[%clk 0:00:32]} Kb2 {[%clk 0:01:43]} 70. Bc3+
{[%clk 0:00:33]} Kb1 {[%clk 0:02:06]} *

[Event "Deutsche Ländermeisterschaft 2017"]
[Site "Hannover GER"]
[Date "2017.10.01"]
[Round "3"]
[White "Kobald, Jacqueline"]
[Black "Nguyen, Ha Thanh"]
[Result "1/2-1/2"]
[Termination "normal"]
[Board "6.6"]
[WhiteElo "1833"]
[BlackElo "1919"]
[WhiteClock "00:08:10"]
[BlackClock "00:10:19"]
[WhiteTeam "Württemberg"]
[BlackTeam "Thüringen"]
[PlyCount "110"]
[WhiteFideId "12988162"]
[BlackFideId "12942154"]
[EventCountry "GER"]
[EventRounds "7"]
[EventType "team-swiss"]
[EventDate "2017.09.29"]

1. e4 {[%clk 1:30:59]} c5 {[%clk 1:30:55]} 2. Nf3 {[%clk 1:31:26]} Nc6 {[%clk
1:31:20]} 3. d4 {[%clk 1:31:53]} cxd4 {[%clk 1:31:45]} 4. Nxd4 {[%clk 1:32:18]}
g6 {[%clk 1:32:08]} 5. Nc3 {[%clk 1:32:40]} Bg7 {[%clk 1:32:28]} 6. Be3 {[%clk
1:33:06]} Nf6 {[%clk 1:32:48]} 7. Bc4 {[%clk 1:33:15]} Qa5 {[%clk 1:33:07]} 8.
O-O {[%clk 1:33:35]} O-O {[%clk 1:33:31]} 9. Bb3 {[%clk 1:33:54]} d6 {[%clk
1:33:36]} 10. h3 {[%clk 1:34:19]} Bd7 {[%clk 1:33:38]} 11. Kh1 {[%clk 1:25:16]}
Rac8 {[%clk 1:29:13]} 12. f4 {[%clk 1:25:12]} Nxd4 {[%clk 1:21:41]} 13. Bxd4
{[%clk 1:25:19]} Bc6 {[%clk 1:22:00]} 14. Re1 {[%clk 1:19:19]} Rfe8 {[%clk
1:18:15]} 15. Qd3 {[%clk 1:16:02]} b5 {[%clk 1:10:41]} 16. a3 {[%clk 1:13:12]}
Nd7 {[%clk 1:07:36]} 17. Bxg7 {[%clk 1:05:44]} Kxg7 {[%clk 1:07:54]} 18. Qd4+
{[%clk 1:03:54]} Kg8 {[%clk 1:08:15]} 19. e5 {[%clk 1:01:10]} dxe5 {[%clk
1:03:38]} 20. fxe5 {[%clk 0:59:30]} Nc5 {[%clk 0:57:37]} 21. Ba2 {[%clk
0:57:46]} Qc7 {[%clk 0:57:49]} 22. Qh4 {[%clk 0:54:52]} e6 {[%clk 0:55:30]} 23.
Rad1 {[%clk 0:41:36]} Rcd8 {[%clk 0:53:58]} 24. Qf4 {[%clk 0:41:44]} Qb7 {[%clk
0:52:30]} 25. Qg5 {[%clk 0:39:09]} Rxd1 {[%clk 0:51:10]} 26. Rxd1 {[%clk
0:39:10]} Nd7 {[%clk 0:50:13]} 27. Rd6 {[%clk 0:29:32]} Qa8 {[%clk 0:44:27]}
28. Ne2 {[%clk 0:22:54]} Nc5 {[%clk 0:44:16]} 29. Nc3 {[%clk 0:19:31]} Ne4
{[%clk 0:42:29]} 30. Nxe4 {[%clk 0:19:25]} Bxe4 {[%clk 0:42:53]} 31. Qd2 {[%clk
0:13:17]} Qc8 {[%clk 0:40:33]} 32. Bb3 {[%clk 0:13:34]} Qc7 {[%clk 0:39:26]}
33. c3 {[%clk 0:12:58]} Bc6 {[%clk 0:36:21]} 34. h4 {[%clk 0:11:46]} Qb7 {[%clk
0:34:33]} 35. h5 {[%clk 0:09:04]} Be4 {[%clk 0:27:00]} 36. Rd7 {[%clk 0:07:29]}
Qc6 {[%clk 0:26:37]} 37. Rd6 {[%clk 0:04:42]} Qb7 {[%clk 0:25:56]} 38. h6
{[%clk 0:04:37]} Qe7 {[%clk 0:25:18]} 39. Kg1 {[%clk 0:05:06]} a5 {[%clk
0:15:20]} 40. a4 {[%clk 0:04:47]} bxa4 {[%clk 0:10:57]} 41. Bxa4 {[%clk
0:03:07]} Rb8 {[%clk 0:06:39]} 42. b3 {[%clk 0:01:23]} Kf8 {[%clk 0:28:04]} 43.
Qf4 {[%clk 0:14:49]} Bf5 {[%clk 0:23:20]} 44. Qd2 {[%clk 0:09:37]} Qh4 {[%clk
0:16:06]} 45. Rd7 {[%clk 0:08:59]} Rc8 {[%clk 0:12:02]} 46. c4 {[%clk 0:08:10]}
Ra8 {[%clk 0:10:19]} 47. Bc6 {[%clk 0:08:10]} Rc8 {[%clk 0:10:19]} 48. Bb7
{[%clk 0:08:10]} Re8 {[%clk 0:10:19]} 49. Bc6 {[%clk 0:08:10]} Rc8 {[%clk
0:10:19]} 50. Qxa5 {[%clk 0:08:10]} Qxh6 {[%clk 0:10:19]} 51. Rd8+ {[%clk
0:08:10]} Rxd8 {[%clk 0:10:19]} 52. Qxd8+ {[%clk 0:08:10]} Kg7 {[%clk 0:10:19]}
53. Qf6+ {[%clk 0:08:10]} Kg8 {[%clk 0:10:19]} 54. Qd8+ {[%clk 0:08:10]} Kg7
{[%clk 0:10:19]} 55. Qf6+ {[%clk 0:08:10]} Kg8 {[%clk 0:10:19]} 1/2-1/2

[Event "Deutsche Ländermeisterschaft 2017"]
[Site "Hannover GER"]
[Date "2017.10.01"]
[Round "3"]
[White "Reuter, Elisa"]
[Black "Reindl, Jork"]
[Result "1-0"]
[Termination "normal"]
[Board "6.7"]
[WhiteElo "1910"]
[BlackElo "1509"]
[WhiteClock "01:01:13"]
[BlackClock "00:34:36"]
[WhiteTeam "Thüringen"]
[BlackTeam "Württemberg"]
[PlyCount "61"]
[WhiteFideId "12995444"]
[BlackFideId "16200152"]
[EventCountry "GER"]
[EventRounds "7"]
[EventType "team-swiss"]
[EventDate "2017.09.29"]

1. e4 {[%clk 1:30:59]} e6 {[%clk 1:30:55]} 2. d4 {[%clk 1:31:26]} d5 {[%clk
1:31:11]} 3. Nc3 {[%clk 1:31:53]} Bb4 {[%clk 1:31:22]} 4. e5 {[%clk 1:32:21]}
c5 {[%clk 1:31:36]} 5. a3 {[%clk 1:32:48]} Bxc3+ {[%clk 1:31:58]} 6. bxc3
{[%clk 1:33:14]} Ne7 {[%clk 1:32:15]} 7. Qg4 {[%clk 1:33:39]} Nf5 {[%clk
1:31:13]} 8. Bd3 {[%clk 1:33:20]} h5 {[%clk 1:30:48]} 9. Qf4 {[%clk 1:32:06]}
Qc7 {[%clk 1:28:23]} 10. Bd2 {[%clk 1:26:22]} Nc6 {[%clk 1:28:23]} 11. Bxf5
{[%clk 1:24:48]} exf5 {[%clk 1:28:41]} 12. Nf3 {[%clk 1:24:05]} c4 {[%clk
1:19:54]} 13. O-O {[%clk 1:23:00]} Be6 {[%clk 1:19:10]} 14. Qg5 {[%clk
1:23:00]} g6 {[%clk 1:18:39]} 15. Qf6 {[%clk 1:22:47]} Rg8 {[%clk 1:18:43]} 16.
Qh4 {[%clk 1:20:00]} a6 {[%clk 1:16:00]} 17. Ng5 {[%clk 1:19:38]} Rg7 {[%clk
1:04:57]} 18. Rfb1 {[%clk 1:14:57]} Nd8 {[%clk 1:03:46]} 19. Nh3 {[%clk
1:13:05]} Rb8 {[%clk 0:54:49]} 20. Bg5 {[%clk 1:13:09]} Bd7 {[%clk 0:50:43]}
21. Bf6 {[%clk 1:13:33]} Rg8 {[%clk 0:51:03]} 22. e6 {[%clk 1:11:33]} Bxe6
{[%clk 0:51:01]} 23. Be5 {[%clk 1:11:57]} Qc8 {[%clk 0:50:52]} 24. Bd6 {[%clk
1:11:20]} Nc6 {[%clk 0:50:54]} 25. Bxb8 {[%clk 1:11:30]} Qxb8 {[%clk 0:51:19]}
26. Ng5 {[%clk 1:11:19]} Kd7 {[%clk 0:47:59]} 27. Rb6 {[%clk 1:07:04]} Nd8
{[%clk 0:44:34]} 28. Rab1 {[%clk 1:05:34]} Ke8 {[%clk 0:38:40]} 29. Nh7 {[%clk
1:01:19]} Rg7 {[%clk 0:35:13]} 30. Nf6+ {[%clk 1:00:55]} Kf8 {[%clk 0:34:36]}
31. Qg5 {[%clk 1:01:13]} 1-0

[Event "Deutsche Ländermeisterschaft 2017"]
[Site "Hannover GER"]
[Date "2017.10.01"]
[Round "3"]
[White "Liu, Sijia Anna"]
[Black "Schubert, Nikita"]
[Result "1-0"]
[Termination "normal"]
[Board "6.8"]
[WhiteElo "1577"]
[BlackElo "1842"]
[WhiteClock "00:01:08"]
[BlackClock "00:00:46"]
[WhiteTeam "Württemberg"]
[BlackTeam "Thüringen"]
[PlyCount "81"]
[WhiteFideId "12989746"]
[BlackFideId "16212339"]
[EventCountry "GER"]
[EventRounds "7"]
[EventType "team-swiss"]
[EventDate "2017.09.29"]

1. e4 {[%clk 1:30:56]} e5 {[%clk 1:30:54]} 2. Nf3 {[%clk 1:31:22]} Nc6 {[%clk
1:31:19]} 3. Bb5 {[%clk 1:31:08]} a6 {[%clk 1:30:45]} 4. Ba4 {[%clk 1:31:23]}
Nf6 {[%clk 1:30:31]} 5. O-O {[%clk 1:31:14]} Be7 {[%clk 1:30:27]} 6. Re1 {[%clk
1:30:30]} b5 {[%clk 1:30:00]} 7. Bb3 {[%clk 1:30:23]} d6 {[%clk 1:28:39]} 8. c3
{[%clk 1:30:17]} O-O {[%clk 1:27:50]} 9. d3 {[%clk 1:25:24]} Bb7 {[%clk
1:25:20]} 10. Nbd2 {[%clk 1:23:50]} Na5 {[%clk 1:20:10]} 11. Bc2 {[%clk
1:22:50]} c5 {[%clk 1:16:02]} 12. Nf1 {[%clk 1:17:39]} Nc6 {[%clk 1:14:45]} 13.
Ng3 {[%clk 1:12:06]} Re8 {[%clk 1:12:43]} 14. Nf5 {[%clk 1:05:39]} Bf8 {[%clk
1:09:38]} 15. N3h4 {[%clk 0:49:02]} Bc8 {[%clk 1:05:49]} 16. Qf3 {[%clk
0:47:36]} Kh8 {[%clk 0:48:47]} 17. Bg5 {[%clk 0:43:50]} Ra7 {[%clk 0:45:08]}
18. Nh6 {[%clk 0:36:10]} Be6 {[%clk 0:40:22]} 19. N6f5 {[%clk 0:24:50]} Rd7
{[%clk 0:35:59]} 20. Bb3 {[%clk 0:20:45]} Bxb3 {[%clk 0:30:44]} 21. axb3 {[%clk
0:21:06]} a5 {[%clk 0:30:53]} 22. Qh3 {[%clk 0:18:45]} g6 {[%clk 0:28:21]} 23.
Ne3 {[%clk 0:13:56]} Bg7 {[%clk 0:26:47]} 24. Nd5 {[%clk 0:14:03]} Ra7 {[%clk
0:24:10]} 25. Re3 {[%clk 0:13:45]} h6 {[%clk 0:21:23]} 26. Nf3 {[%clk 0:13:08]}
h5 {[%clk 0:18:47]} 27. Qh4 {[%clk 0:10:39]} Re6 {[%clk 0:18:02]} 28. Nd2
{[%clk 0:09:42]} Nb8 {[%clk 0:16:36]} 29. Rf3 {[%clk 0:09:47]} Nbd7 {[%clk
0:16:56]} 30. Nf1 {[%clk 0:09:53]} Kg8 {[%clk 0:16:18]} 31. Nfe3 {[%clk
0:08:28]} Ra8 {[%clk 0:13:20]} 32. g4 {[%clk 0:07:46]} Bh8 {[%clk 0:10:55]} 33.
gxh5 {[%clk 0:06:33]} gxh5 {[%clk 0:11:02]} 34. Kh1 {[%clk 0:05:43]} Bg7 {[%clk
0:10:31]} 35. Rg1 {[%clk 0:05:41]} Kf8 {[%clk 0:08:46]} 36. Rfg3 {[%clk
0:04:24]} Bh8 {[%clk 0:07:00]} 37. Nxf6 {[%clk 0:01:35]} Bxf6 {[%clk 0:04:44]}
38. Bh6+ {[%clk 0:01:24]} Ke8 {[%clk 0:00:59]} 39. Rg8+ {[%clk 0:01:15]} Nf8
{[%clk 0:01:23]} 40. Rxf8+ {[%clk 0:01:30]} Ke7 {[%clk 0:00:46]} 41. Nd5+
{[%clk 0:01:08]} 1-0

[Event "Deutsche Ländermeisterschaft 2017"]
[Site "Hannover GER"]
[Date "2017.10.01"]
[Round "3"]
[White "Gremmel, Jonas Simon"]
[Black "Lange, Jannis"]
[Result "1-0"]
[Termination "normal"]
[Board "7.2"]
[WhiteElo "1815"]
[BlackElo "1920"]
[WhiteTeam "Hamburg"]
[BlackTeam "Mecklenburg-Vorpommern"]
[PlyCount "79"]
[WhiteFideId "12983896"]
[BlackFideId "12993107"]
[EventCountry "GER"]
[EventRounds "7"]
[EventType "team-swiss"]
[EventDate "2017.09.29"]

1. d4 Nf6 2. Nf3 g6 3. c4 Bg7 4. Nc3 d5 5. Bf4 c5 6. dxc5 Qa5 7. Qa4+ Qxa4 8.
Nxa4 dxc4 9. Nc3 Nbd7 10. e3 Nxc5 11. Bxc4 O-O 12. O-O Nfe4 13. Nd5 Be6 14. Ng5
Bxd5 15. Bxd5 Nf6 16. Bxf7+ Rxf7 17. Nxf7 Kxf7 18. Be5 Ncd7 19. Bc3 e5 20. Rfd1
Ke6 21. f3 Nd5 22. Bd2 Bf8 23. Kf2 Rc8 24. Rac1 Rxc1 25. Rxc1 Bc5 26. Ke2 Kd6
27. a3 b5 28. b4 Bb6 29. Rc8 Bc7 30. Rh8 N5f6 31. e4 Nb6 32. g4 Nc4 33. Bc1 Bb6
34. Bg5 Ke6 35. Bc1 Kf7 36. Rc8 Nd6 37. Ra8 Nd7 38. Be3 Nc4 39. Bxb6 axb6 40.
Ra7 1-0

[Event "Deutsche Ländermeisterschaft 2017"]
[Site "Hannover GER"]
[Date "2017.10.01"]
[Round "3"]
[White "Schumann, Rabea"]
[Black "Weißhorn, Lasse"]
[Result "1-0"]
[Termination "normal"]
[Board "7.3"]
[WhiteElo "1868"]
[BlackElo "1754"]
[WhiteTeam "Mecklenburg-Vorpommern"]
[BlackTeam "Hamburg"]
[PlyCount "39"]
[WhiteFideId "12918199"]
[BlackFideId "12943045"]
[EventCountry "GER"]
[EventRounds "7"]
[EventType "team-swiss"]
[EventDate "2017.09.29"]

1. c4 c6 2. g3 d5 3. Nf3 Nf6 4. Bg2 e6 5. Qc2 dxc4 6. Qxc4 b5 7. Qc2 Bb7 8. d4
Nbd7 9. Nc3 Rc8 10. O-O Be7 11. Bf4 O-O 12. Ng5 Qb6 13. Rfd1 Rfd8 14. Rac1 c5
15. Bxb7 Qxb7 16. d5 exd5 17. Nxd5 Bf8 18. Be5 h6 19. Nxf6+ Nxf6 20. Rxd8 1-0

[Event "Deutsche Ländermeisterschaft 2017"]
[Site "Hannover GER"]
[Date "2017.10.01"]
[Round "3"]
[White "Huo, Da"]
[Black "Fromm, Marius"]
[Result "0-1"]
[Termination "normal"]
[Board "7.4"]
[WhiteElo "1659"]
[BlackElo "1876"]
[WhiteTeam "Hamburg"]
[BlackTeam "Mecklenburg-Vorpommern"]
[PlyCount "68"]
[WhiteFideId "16221206"]
[BlackFideId "12993190"]
[EventCountry "GER"]
[EventRounds "7"]
[EventType "team-swiss"]
[EventDate "2017.09.29"]

1. e4 e6 2. d4 d5 3. Nd2 c5 4. c3 cxd4 5. cxd4 Nc6 6. Bb5 Nf6 7. e5 Nd7 8. Ne2
Qb6 9. Qa4 Be7 10. O-O a6 11. Bd3 O-O 12. Nf3 f6 13. exf6 Nxf6 14. a3 Bd7 15.
Qc2 Rac8 16. Qd1 Na5 17. b4 Nc4 18. Qb3 Bd6 19. Re1 Ng4 20. Ng3 Nxf2 21. Bxh7+
Kxh7 22. Qc2+ Ne4 23. Ng5+ Kg8 24. N3xe4 Qxd4+ 25. Be3 Nxe3 26. Nf6+ Rxf6 27.
Qh7+ Kf8 28. Qh8+ Ke7 29. Qxg7+ Kd8 30. Nf7+ Kc7 31. Rac1+ Nc4+ 32. Kh1 Rf1+
33. Rxf1 Qxg7 34. Nxd6 Kxd6 0-1

[Event "Deutsche Ländermeisterschaft 2017"]
[Site "Hannover GER"]
[Date "2017.10.01"]
[Round "3"]
[White "Troyke, Jannis"]
[Black "Summers, Jan"]
[Result "1-0"]
[Termination "normal"]
[Board "7.5"]
[WhiteElo "1937"]
[BlackElo "1548"]
[WhiteTeam "Mecklenburg-Vorpommern"]
[BlackTeam "Hamburg"]
[PlyCount "77"]
[WhiteFideId "12993115"]
[BlackFideId "16217624"]
[EventCountry "GER"]
[EventRounds "7"]
[EventType "team-swiss"]
[EventDate "2017.09.29"]

1. e4 c5 2. Nf3 Nc6 3. Bb5 g6 4. Bxc6 dxc6 5. d3 Bg7 6. h3 Nf6 7. O-O O-O 8.
Be3 c4 9. Nc3 cxd3 10. cxd3 b6 11. Qd2 Bb7 12. Bh6 Bxh6 13. Qxh6 Qxd3 14. e5 g5
15. exf6 exf6 16. Qxf6 Qg6 17. Qxg5 c5 18. Qxg6+ fxg6 19. Ne5 Rf5 20. Ng4 Kg7
21. Rad1 Rf7 22. Rd6 Re8 23. Rfd1 h5 24. Ne3 Ree7 25. a4 Bc8 26. b3 Rd7 27. Nc4
Rxd6 28. Nxd6 Rf8 29. Nxc8 Rxc8 30. Rd7+ Kf6 31. Rxa7 c4 32. bxc4 Rxc4 33. Rc7
Rxc7 34. Nd5+ Ke6 35. Nxc7+ Kd6 36. Na6 Kd5 37. f3 Kc4 38. Nb8 Kb4 39. Nd7 1-0

[Event "Deutsche Ländermeisterschaft 2017"]
[Site "Hannover GER"]
[Date "2017.10.01"]
[Round "3"]
[White "Hölzer, Jeanette"]
[Black "Großmann, Piet"]
[Result "1-0"]
[Termination "normal"]
[Board "7.6"]
[WhiteElo "1406"]
[BlackElo "1830"]
[WhiteTeam "Hamburg"]
[BlackTeam "Mecklenburg-Vorpommern"]
[PlyCount "103"]
[WhiteFideId "12917982"]
[BlackFideId "16234359"]
[EventCountry "GER"]
[EventRounds "7"]
[EventType "team-swiss"]
[EventDate "2017.09.29"]

1. e4 e6 2. d3 d5 3. Nd2 Nf6 4. Ngf3 Be7 5. g3 O-O 6. Bg2 c5 7. O-O Nc6 8. Re1
Re8 9. e5 Nd7 10. Nf1 b6 11. c3 Bb7 12. h4 Qc7 13. Bf4 Nf8 14. g4 Ng6 15. Bg3
Bf8 16. h5 Nge7 17. Nh4 g6 18. hxg6 fxg6 19. Qd2 d4 20. c4 Bg7 21. Nf3 Nd8 22.
N1h2 Nec6 23. Re2 Rf8 24. Rae1 Nf7 25. g5 Ne7 26. Ng4 Nf5 27. Bf4 a6 28. Nf6+
Kh8 29. Kh2 Nd8 30. Rh1 Qf7 31. Kg1 Bxf6 32. exf6 Bxf3 33. Bxf3 Rc8 34. Bg4 Re8
35. Qd1 Nc6 36. Bf3 Nd8 37. Qa4 Nb7 38. Qxa6 Nbd6 39. Bxd6 Nxd6 40. Qxb6 Nf5
41. Re5 Rb8 42. Qxc5 Rxb2 43. a4 Reb8 44. Re2 Rxe2 45. Bxe2 Rb1+ 46. Kg2 Qb7+
47. Bf3 Ne3+ 48. fxe3 Rb2+ 49. Kg3 Qb8+ 50. Kh3 Rf2 51. Bg2 e5 52. Rf1 1-0

[Event "Deutsche Ländermeisterschaft 2017"]
[Site "Hannover GER"]
[Date "2017.10.01"]
[Round "3"]
[White "Breß, Amy Charlize"]
[Black "Abicht, Aruna Sophia"]
[Result "1-0"]
[Termination "normal"]
[Board "7.7"]
[WhiteElo "1602"]
[BlackElo "1349"]
[WhiteTeam "Mecklenburg-Vorpommern"]
[BlackTeam "Hamburg"]
[PlyCount "141"]
[WhiteFideId "16233786"]
[EventCountry "GER"]
[EventRounds "7"]
[EventType "team-swiss"]
[EventDate "2017.09.29"]

1. e4 e5 2. Nf3 Nc6 3. Bb5 Nge7 4. O-O g6 5. d4 exd4 6. Nxd4 Bg7 7. Nf3 O-O 8.
Re1 d6 9. h3 Kh8 10. Nbd2 f5 11. Qe2 fxe4 12. Nxe4 Nd4 13. Nxd4 Bxd4 14. c3 Bb6
15. Be3 Bxe3 16. Qxe3 Nf5 17. Qd3 c6 18. Ba4 d5 19. Rad1 Qa5 20. Bb3 dxe4 21.
Qxe4 Qc7 22. g4 Nh4 23. Re3 Qg7 24. Kf1 Bd7 25. Qe7 Be8 26. Qxh4 Bf7 27. Bxf7
Qxf7 28. b3 Rae8 29. Qg3 Rd8 30. Rxd8 Rxd8 31. Qe5+ Kg8 32. Ke1 Rf8 33. Qe6 Kg7
34. Qxf7+ Rxf7 35. Ke2 Kh6 36. Re5 Kg7 37. Ke3 Kf6 38. f4 h6 39. h4 Rd7 40. g5+
hxg5 41. hxg5+ Kf7 42. Ke2 Rd5 43. Rxd5 cxd5 44. Ke3 Ke6 45. Kf2 Kf5 46. Kf3 b6
47. a3 b5 48. b4 a6 49. Kg3 Ke4 50. Kg4 Kd3 51. f5 gxf5+ 52. Kxf5 Kxc3 53. g6
d4 54. g7 d3 55. g8=Q d2 56. Qc8+ Kd3 57. Qd7+ Kc3 58. Kf4 Kc2 59. Qc6+ Kd3 60.
Qd5+ Kc2 61. Qc6+ Kb2 62. Qf6+ Kc2 63. Qf5+ Kc3 64. Qb1 Kd4 65. Kf3 Kc4 66.
Qc2+ Kd4 67. Qxd2+ Kc4 68. Ke4 Kb3 69. Qd3+ Ka4 70. Qc3 a5 71. bxa5 1-0